[Event "Treviso op-B 1st"]
[Site "Treviso"]
[Date "2017.03.17"]
[Round "1.10"]
[White "Borsato, Federico"]
[Black "Ciani, Davide"]
[Result "1-0"]
[WhiteElo "1890"]
[BlackElo "1756"]
[PlyCount "69"]
[EventDate "2017.03.17"]
[EventType "swiss"]
[EventRounds "5"]
[EventCountry "ITA"]
[SourceTitle "EXT 2024"]
[Source "ChessBase"]
[SourceDate "2023.10.10"]
[SourceVersion "1"]
[SourceVersionDate "2023.10.10"]
[SourceQuality "1"]

1. e4 e5 2. Nf3 Nc6 3. d4 exd4 4. Nxd4 Bc5 5. Be3 Nxd4 6. Bxd4 Bxd4 7. Qxd4 Qf6 8. c3 Qxd4 9. cxd4 Ne7 10. Nc3 a6 11. Be2 0-0 12. 0-0 b5 13. a3 Bb7 14. Rac1 Rac8 15. Rfd1 g6 16. d5 d6 17. f4 f6 18. Bf3 Kg7 19. Ne2 Kf7 20. Nd4 Rfe8 21. Bg4 f5 22. exf5 Nxd5 23. fxg6+ hxg6 24. Bxc8 Rxc8 25. f5 c5 26. fxg6+ Kxg6 27. Ne2 Re8 28. Kf2 Kg5 29. Nc3 Rf8+ 30. Kg3 Ne3 31. Re1 Nxg2 32. Ne4+ Bxe4 33. Rxe4 Rf4 34. Rxf4 Nxf4 35. h4+ 1-0

[Event "ITA-ch U20"]
[Site "Bratto"]
[Date "2005.08.24"]
[Round "5"]
[White "Buono, Valerio"]
[Black "Borsato, Federico"]
[Result "1/2-1/2"]
[WhiteElo "1977"]
[BlackElo "1811"]
[PlyCount "86"]
[EventDate "2005.08.20"]
[EventType "swiss"]
[EventRounds "9"]
[EventCountry "ITA"]
[SourceTitle "EXT 2006"]
[Source "ChessBase"]
[SourceDate "2005.11.24"]
[SourceVersion "1"]
[SourceVersionDate "2005.11.24"]
[SourceQuality "1"]

1. e4 c5 2. Nf3 Nc6 3. d4 cxd4 4. Nxd4 d6 5. Nc3 e6 6. Be3 Be7 7. Be2 Nf6 8. 0-0 0-0 9. Nb3 a6 10. f4 b5 11. a3 Bb7 12. Bf3 Qc7 13. Qe2 Rad8 14. Qf2 Rc8 15. g4 Nd7 16. h4 Na5 17. Nxa5 Qxa5 18. Bd2 Qc7 19. Be3 Qc6 20. g5 Bd8 21. Rac1 Nb6 22. Be2 Nc4 23. Bxc4 Qxc4 24. Rfd1 Ba5 25. Bd4 Bxc3 26. bxc3 Bxe4 27. h5 Rce8 28. h6 e5 29. hxg7 Kxg7 30. fxe5 Qe6 31. exd6+ Kg8 32. Qg3 Bc6 33. Re1 Qd5 34. Kh2 Rd8 35. Re5 Qxd6 36. Rce1 Rde8 37. Rxe8 Qxg3+ 38. Kxg3 Rxe8 39. Rf1 Be4 40. Re1 Bc6 41. Be5 Bd5 42. Kf4 a5 43. Rd1 Be6 1/2-1/2

[Event "ITA-ch U20"]
[Site "Bratto"]
[Date "2005.08.20"]
[Round "1"]
[White "Navarro, Stefano"]
[Black "Borsato, Federico"]
[Result "1-0"]
[WhiteElo "2209"]
[BlackElo "1811"]
[PlyCount "91"]
[EventDate "2005.08.20"]
[EventType "swiss"]
[EventRounds "9"]
[EventCountry "ITA"]
[SourceTitle "EXT 2006"]
[Source "ChessBase"]
[SourceDate "2005.11.24"]
[SourceVersion "1"]
[SourceVersionDate "2005.11.24"]
[SourceQuality "1"]

1. e4 c5 2. Nf3 Nc6 3. d4 cxd4 4. Nxd4 e5 5. Nb5 d6 6. c4 a6 7. N5c3 Nf6 8. Na3 Be7 9. Nc2 0-0 10. Bd3 Qc7 11. 0-0 Be6 12. b3 Rab8 13. Bb2 Bg4 14. Qd2 Be6 15. Rac1 Nd7 16. Nd5 Qd8 17. Nxe7+ Qxe7 18. Ne3 Nc5 19. Bc2 a5 20. Rfd1 Rfd8 21. a3 b5 22. b4 axb4 23. axb4 bxc4 24. Ba3 Nb7 25. Bb2 Na7 26. Bb1 Rdc8 27. Ba2 c3 28. Bxc3 Nb5 29. Nd5 Bxd5 30. Bxd5 Nxc3 31. Rxc3 Rxc3 32. Qxc3 Nd8 33. h3 Ne6 34. Bxe6 fxe6 35. Qc4 d5 36. exd5 Rxb4 37. Qc8+ Kf7 38. d6 Rb1 39. Rxb1 Qxd6 40. Rb7+ Kf6 41. Rd7 Qa3 42. Qd8+ Kg6 43. Qe8+ Kf5 44. Rf7+ Ke4 45. Qc6+ Kd4 46. Rd7+ 1-0